सर्वसामान्यांसाठी वास्तुशास्त्र / (Record no. 50687)

MARC details
000 -LEADER
fixed length control field 01089nam a22002297a 4500
005 - DATE AND TIME OF LATEST TRANSACTION
control field 20110218150338.0
008 - FIXED-LENGTH DATA ELEMENTS--GENERAL INFORMATION
fixed length control field 110218t xxu||||| |||| 00| 0 mar d
010 ## - LCCN (DPL NO)
LC control number MAR-20604
020 ## - INTERNATIONAL STANDARD BOOK NUMBER
International Standard Book Number 81861521024
Terms of availability 120.00
035 ## - SYSTEM CONTROL NUMBER
System control number MR-13262
037 ## - SOURCE OF ACQUISITION
Source of stock number/acquisition DBAD / PUB
040 ## - CATALOGING SOURCE
Original cataloging agency DPL
Language of cataloging MR
082 ## - DEWEY DECIMAL CLASSIFICATION NUMBER
Classification number 133.5869
100 ## - MAIN ENTRY--PERSONAL NAME
Personal name पिंगळे,भगवान धर्मा
9 (RLIN) 26086
245 ## - TITLE STATEMENT
Title सर्वसामान्यांसाठी वास्तुशास्त्र /
Statement of responsibility, etc भगवान धर्मा पिंगळे
246 ## - VARYING FORM OF TITLE
Title proper/short title Sarvsamanayasathi Vastushastra
Remainder of title by Bhagwan Dharma Pingle
260 ## - PUBLICATION, DISTRIBUTION, ETC. (IMPRINT)
Place of publication, distribution, etc पुणे
Name of publisher, distributor, etc सुविद्या प्रकाशन
Date of publication, distribution, etc 2010
270 ## - ADDRESS
Address 149,शनिवार पेठ
City पुणे
Postal code 411030
300 ## - PHYSICAL DESCRIPTION
Extent 136पृ.
Other physical details 21सेमी(अजिल्द)
942 ## - ADDED ENTRY ELEMENTS (KOHA)
Source of classification or shelving scheme Dewey Decimal Classification
Item type Marathi Books
Classification part 133.5869
Call number suffix पिंगळे
Holdings
Withdrawn status Lost status Source of classification or shelving scheme Damaged status Not for loan Collection code Home library Current library Date acquired Source of acquisition Cost, normal purchase price Total Checkouts Full call number Barcode Date last seen Copy number Cost, replacement price Koha item type
    Dewey Decimal Classification   Not For Loan Non-fiction D.B.Act.Division D.B.Act.Division 21/02/2011 DBAD / PUB 120.00   133.5869 पिंगळे MR-13262 21/02/2011 1 120.00 Marathi Books

© Delhi Public Library
Hit Counter
free hit counter